01359 2200385 4500001002100000005001500021035002000036007000300056008004100059020002200100082001400122084001600136100003400152245022000186250005100406300003700457650001800494700003500512700003700547700002900584700003200613700002900645700003100674700003400705264003300739336002100772337003000793338002300823040002200846090001900868850001200887440003400899990002000933990002000953INLIS00000000087262720220906102252 a0010-0922000155ta220906s2021 yoia d 1 ind d a978-623-254-234-804223a741.5 a741.5 RHA w0 aRhafi Nadhir HasanePengarang10aWriter vs writer /cRhafi Nadhir Hasan, Naila Wafa' Syakira, Areta Gantari Permana; ilustrator, Endri Osborn, Randi Yanuarief, Nisa Nafisah; penyunting naskah, Vicky Larasita; penyunting ilustrasi, Ginanjar Setia M. aCetakan I, Jumada Al-Tsani 1443 H/Januari 2022 a88 halaman :bilustrasi ;c21 cm 4aKomik, Bacaan0 aNaila Wafa' SyakiraePengarang0 aAreta Gantari PermanaePengarang0 aEndri OsborneIlustrator0 aRandi YanuariefeIlustrator0 aNisa NafisaheIlustrator0 aVicky LarasitaePenyunting0 aGinanjar Setia M.ePenyunting31aBandung :bDAR! Mizan,c2021 2rdacontentateks 2rdamediaatanpa perantara 2rdacarrieravolume aYOPDYOGbinderda aPK 741.5 RHA w aYOPDYOG aKomik Kecil-Kecil Punya Karya a46112-PD/B.2022 a46113-PD/B.2022